| 000 | 00616nam a22001817a 4500 | ||
|---|---|---|---|
| 005 | 20251108165156.0 | ||
| 008 | 250721s2009 xx 000 0 ara d | ||
| 082 | 1 | 4 | _a153.1/ترو |
| 100 | 1 |
_aترودو، كيفين _eمؤلف |
|
| 245 | 1 | 0 | _aالذاكرة الهائلة : كيفية تحرير طاقة ذاكرتك الهائلة خلال 30 دقيقة أو أقل يوميا / |
| 246 | 1 | 1 | _aMEGA MEMORY |
| 264 | 1 |
_aالرياض : _bمكتبة جرير، _c2009. |
|
| 300 | _a395ص. | ||
| 650 | 1 | 7 | _aعلم النفس الفسيولوجي |
| 650 | 1 | 7 | _aالذاكره |
| 942 |
_2ddc _cBK |
||
| 999 |
_c21342 _d21342 |
||